| 000 | 00976nam a2200241 i 4500 | ||
|---|---|---|---|
| 001 | 54049 | ||
| 003 | ES-MaACL | ||
| 005 | 20251005063042.0 | ||
| 007 | t| | ||
| 008 | 940301s1850 sp |||| | spa d | ||
| 040 |
_aAS _bspa |
||
| 080 | _a94(460.18)"1520/21" | ||
| 100 | 1 |
_aFerrer del Río, Antonio, _d1814-1872 _950459 |
|
| 245 | 1 | 0 |
_aDecadencia de España. _nPrimera parte, _pHistoria del levantamiento de las comunidades de Castilla, 1520-1521 / _cpor Antonio Ferrer del Río. |
| 246 | 1 | 0 | _aHistoria del levantamiento de las comunidades de Castilla, 1520-1521 |
| 260 |
_aMadrid : _b[s.n.], _c1850 ( _fEst. Tip. de Mellado) |
||
| 300 |
_aXXIX, 415 p. ; _c22 cm. |
||
| 530 | _aDisponible en formato digital. | ||
| 651 | 7 |
_aCastilla (Reino)- _xHistoria- _y1520-1521, Rebelión de los comuneros _2 _9142469 |
|
| 852 |
_aES-MaACL _jC-43 |
||
| 856 |
_uhttp://bdh-rd.bne.es/viewer.vm?id=0000069877&page=1 _zBiblioteca Digital Hispánica |
||
| 999 |
_c54049 _d54049 |
||